Catálogo - Centro de Recursos para el Aprendizaje y la Investigación
Volver al Sitio - CRAI Biblioteca| 000 -CABECERA | |
|---|---|
| campo de control de longitud fija | 01995nam a2200241 4500 |
| 001 - NÚMERO DE CONTROL | |
| campo de control | 113971 |
| 003 - IDENTIFICADOR DEL NÚMERO DE CONTROL | |
| campo de control | DR-UNIBE |
| 005 - FECHA Y HORA DE LA ÚLTIMA TRANSACCIÓN | |
| campo de control | 20250729111828.0 |
| 008 - DATOS DE LONGITUD FIJA--INFORMACIÓN GENERAL | |
| campo de control de longitud fija | 250729b2007 ho ||||| |||| 00| 0 spa d |
| 040 ## - FUENTE DE LA CATALOGACIÓN | |
| Centro catalogador/agencia de origen | BIBLIOTECA UNIBE |
| Lengua de catalogación | spa |
| Centro/agencia transcriptor | BIBLIOTECA UNIBE |
| Normas de descripción | rda |
| 041 ## - CÓDIGO DE LENGUA | |
| Código de lengua del texto/banda sonora o título independiente | spa |
| 082 ## - NÚMERO DE LA CLASIFICACIÓN DECIMAL DEWEY | |
| Número de edición | 22 |
| Número de clasificación | 345.7283 R426c |
| 110 10 - ENTRADA PRINCIPAL--NOMBRE DE ENTIDAD CORPORATIVA | |
| Nombre de entidad corporativa o nombre de jurisdicción como elemento de entrada | República de Honduras. Leyes, decretos, etc. |
| 9 (RLIN) | 194690 |
| Término indicativo de función/relación | autor |
| 245 10 - MENCIÓN DE TÍTULO | |
| Título | Código procesal civil : |
| Resto del título | Decreto No. 211-2006 |
| 260 ## - PUBLICACIÓN, DISTRIBUCIÓN, ETC. | |
| Lugar de publicación, distribución, etc. | Tegucigalpa : |
| Nombre del editor, distribuidor, etc. | Litocom, |
| Fecha de publicación, distribución, etc. | 2007 |
| 300 ## - DESCRIPCIÓN FÍSICA | |
| Extensión | 373 páginas : |
| Dimensiones | 23 x 15 cm |
| 500 ## - NOTA GENERAL | |
| Nota general | Publicado en el Diário Oficial La Gaceta No.31313 de fecha 26 de mayo de 2007 |
| 505 ## - NOTA DE CONTENIDO CON FORMATO | |
| Nota de contenido con formato | Exposición de motivos |<br/>Presentación |<br/>Libro primero. Título preliminar |<br/>Título segundo. Abstención y recusación |<br/>Título tercero. Las partes |<br/>Título cuarto. Acumulación |<br/>Título quinto. Actos procesales |<br/>Libro segundo. Prueba |<br/>Título primero. Normas generales |<br/>Libro tercero. Medidas cautelares |<br/>Título I. Normas generales |<br/>Título segundo. Clases de medidas cautelares |<br/>Título tercero. Procedimiento para la adopción de medidas cautelares |<br/>Título cuarto. Modificación y revocación |<br/>Libro cuarto. Los procesos declarativos |<br/>Título primero. Normas comunes a todos los procesos |<br/>Título segundo. El proceso ordinario |<br/>Título tercero. El proceso abreviado |<br/>Título cuarto. Procesos no dispositivos |<br/>Título quinto. El proceso monitorio |<br/>Libro quinto. Los medios de impugnación |<br/>Título primero. Disposiciones generales |<br/>Título segundo. Recursos de reposición |<br/>Título tercero. Recurso devolutivo |<br/>Título cuarto. Audiencia al rebelde |<br/>Libro sexto. Ejecución forzosa |<br/>Título primero. Disposiciones generales |<br/>Título segundo. Ejecución de títulos judiciales (vía de apremio) |<br/><br/> |
| 650 #7 - PUNTO DE ACCESO ADICIONAL DE MATERIA--TÉRMINO DE MATERIA | |
| Fuente del encabezamiento o término | lemb |
| Término de materia o nombre geográfico como elemento de entrada | Código civil |
| Subdivisión geográfica | Honduras |
| 9 (RLIN) | 197876 |
| 650 #7 - PUNTO DE ACCESO ADICIONAL DE MATERIA--TÉRMINO DE MATERIA | |
| Fuente del encabezamiento o término | lemb |
| Término de materia o nombre geográfico como elemento de entrada | Derecho civil |
| Subdivisión geográfica | Honduras |
| 9 (RLIN) | 197877 |
| 700 10 - PUNTO DE ACCESO ADICIONAL--NOMBRE DE PERSONA | |
| Nombre de persona | Morales Montalván, Vilma Cecilia |
| 9 (RLIN) | 197845 |
| Término indicativo de función/relación | presentación |
| 942 ## - ELEMENTOS DE PUNTO DE ACCESO ADICIONAL (KOHA) | |
| Fuente del sistema de clasificación o colocación | Sistema de Clasificación Decimal Dewey |
| Tipo de ítem Koha | Libro (general) |
| Estado de retiro | Estado de pérdida | Fuente del sistema de clasificación o colocación | No para préstamo | Código de colección | Localización permanente | Fecha de adquisición | Total de préstamos | Signatura topográfica completa | Código de barras | Fecha visto por última vez | Número de copia | Precio válido a partir de | Tipo de ítem Koha |
|---|---|---|---|---|---|---|---|---|---|---|---|---|---|
| Disponible | Sistema de Clasificación Decimal Dewey | General | Biblioteca Central UNIBE | 10/06/2025 | 345.7283 R426c | 250906 | 29/07/2025 | Ej. 1 | 29/07/2025 | Libro (general) |